000 nam a22 7a 4500
999 _c7428
_d7428
008 170830b xxu||||| |||| 00| 0 eng d
020 _a9780140136388
100 _aO`Connor J D
_93953
245 _aPhonetics
260 _aNew york
_bPenguinbooks
_c1973